000 00968nam a2200241Ia 4500
003 GCL
008 140319s9999 xx 000 0 ara d
040 _aGCL /
_cGCL
082 0 4 _a322.43
_bس ج
100 1 _aسمير محمود ناصر
245 1 0 _aجماعات الضغط الاقتصادية الدولية واثارها السلبية على التطور الاقتصادى /
_cسمير محمود ناصر
250 _aالاولى
260 _aسوريا :
_bدار الفرقد للطباعة والنشر والتوزيع ،
_c2005
300 _a317ص ؛
_c24سم
650 0 4 _aالجماعات الضاغطة
650 0 4 _aالتطور الاجتماعى
650 0 4 _aالمنظمات الدولية
650 0 4 _aالتكتلات الاقتصادية
650 0 4 _aمنظمة التجارة العالمية
650 0 4 _aالاتحاد الاوروبى
650 0 4 _aسوريا - العقوبات الاقتصادية
942 _2ddc
_cBK
999 _c8534
_d8534